Pokémon - Les attaques de Solaroc - Statistiques

Statistiques générales
  • Ce quiz a été pris 12 fois
  • Le résultat moyen est 13 sur 16
Statistiques - réponses
Niveaux Types Noms des attaques % Correct
Départ Normal Armure
100%
Départ Normal Charge
100%
Départ Psy Choc Mental
100%
Niveau 35 Roche Lame de Roc
100%
Niveau 40 Plante Lance-Soleil
100%
Niveau 15 Roche Éboulement
86%
Niveau 50 Normal Explosion
86%
Niveau 25 Psy Force Cosmique
86%
Départ Roche Jet-Pierres
86%
Niveau 10 Roche Poliroche
86%
Niveau 30 Psy Psyko
86%
Niveau 20 Psy Psykoud'Boul
86%
Niveau 5 Psy Hypnose
71%
Niveau 45 Psy Zone Étrange
71%
Départ Feu Boutefeu
57%
Départ Normal Aurore
43%
Aucun quiz correspondant
Distribution des résultats
% des personnes avec chaque résultat
Percentile par nombre de réponses
Votre historique - résultats
Vous n’avez pas pris ce quiz